000 01167nam a2200349 a 4500
008
020 _a9780824708177 (hardback)
040 _aNUST
_cNUST
049 _aMAIN
090 _aRC733
_bDIS
245 1 0 _aDisease markers in exhaled breath/
_cedited by Nandor Marczin ; Sergei A. Kharitonov ; Magdi H. Yacoub & Peter J. Barnes.
260 _aNew York :
_bMarcel Dekker,
_c2003.
300 _axxiii, 534 pages :
_billustrations ;
_c24 cm.
336 _atext
_btxt
_2rdacontent
337 _aunmediated
_bn
_2rdamedia
338 _avolume
_bnc
_2rdacarrier
500 _aIncludes index.
504 _aIncludes bibliographical references.
650 1 _aLungs
_xDiseases
_vDiagnosis.
650 _aBiochemical markers.
650 _aBreath tests.
650 _aNitric oxide
_xPathophysiology.
650 _aRespiration.
700 _aMarczin, Nandor.,
_aeditor.
700 _aKharitonov, Sergei A.,
_aeditor.
700 _aYacoub, Magdi H.,
_aeditor.
700 _aBarnes, Peter J.,
_aeditor.
907 _a.b10409920
_b30-09-21
_c22-09-21
003
005 20230120204320.0
942 _cBOOKS
_kRC733
_mDIS
999 _c121020
_d121020